000 00587nam a2200193Ia 4500
005 20250326142911.0
008 250326s9999 xx 000 0 und d
020 _a0-273-65648-1
037 _aTextbook
040 _aFMSL
_beng
_cFMSL
041 _aeng
_2eng
084 _aXobF P2
_qFMSL
100 _aMeyer Arnoud D
_9746841
245 0 _aBright stuff : How innovative people and technology can make the old economy new
_cMeyer Arnoud D And Others
260 _aNY
_bNY, Prentice Hall
_c2002
300 _axii,251
942 _cTB
_hXobF P2
999 _c1297173
_d1297173